Acronym Vocabulary #2: TGIF - Statistics

General Stats
  • This quiz has been taken 457 times
  • The average score is 11 of 20
Answer Stats
Hint Answer % Correct
Birthday present, eg. Gift
98%
Argue with your fists Fight
92%
Plane trip Flight
84%
Two weeks Fortnight
76%
Sasquatch Bigfoot
70%
_______ of her imagination Figment
69%
Terror, fear Fright
68%
Behave nervously Fidget
56%
Raising, elevating Lifting
55%
Great tiredness Fatigue
54%
Banksy's art? Graffiti
54%
Escaped prisoner, eg. Fugitive
53%
Ship's cargo Freight
50%
Right-to-vote advocate Suffragist
44%
Heavy warship Frigate
38%
Debug a house Fumigate
37%
Financial prudence Frugality
20%
Dusk, sundown Nightfall
16%
Give satisfaction, pleasure Gratify
13%
Cognac after a meal, eg. Digestif
11%
No matching quizzes found
Score Distribution
Percent of People with Each Score
Percentile by Number Answered
Your Score History
You have not taken this quiz